00533nam a2200133Ia 4500008004100000020001800041041001200059100001800071245021300089260003100302300001600333650003500349700001500384221030s9999 xx 000 0 und d a9789388548472 aEnglish aR. Y. Vardhan 0aPollock & Mulla : The Indian Contract & Specific Relief Acts, Vol.II : The Indian Contract Act, 1872 Sections 73 to 238: The Specific Relief Act, 1963-Sections 1 to 44 & Schedulecby R. Y. Vardhan, C. Narayan bLexis NexisaGurgaonc2022 a1135 - 2510 aContract & Specific Relief Act aC. Narayan